000 00466nam a2200181Ia 4500
005 20250326125739.0
008 250326s9999 xx 000 0 und d
037 _aTextbook
040 _aFMSL
_beng
_cFMSL
041 _aeng
_2eng
084 _aX:9 N2
_qFMSL
100 _aDavis K
_9292457
245 0 _aHuman relations at work
_cDavis K
260 _aNY
_bNY, McGraw-Hill
_c1962
300 _a642p
942 _cTB
_hX:9 N2
999 _c1279388
_d1279388